000 00718nam a2200289Ia 4500
005 20260324120738.0
008 008 260324s9999 xx 000 0 eng d
020 _a9781315818696
037 _aEBOOK
040 _aCRL
040 _beng
040 _cCRL
041 _2eng
041 _aeng
084 _qCRL
100 _aWu Shicun; Nong Hong
_91159804
245 0 _aRecent Developments in the South China Sea Dispute
245 4 _bThe Prospect of a Joint Development Regime
260 _bTaylor and Francis
260 _c2014
365 _a
365 _b240
856 _uhttp://www.taylorfrancis.com/books/9781315818696
942 _cEBOOK
999 _c1751489
_d1751489